Mathematik für ökonomische und ingenieur-ökonomische Fachrichtungen
Gespeichert in:
| Format: | Buch |
|---|---|
| Sprache: | Deutsch |
| Veröffentlicht: |
Berlin
Die Wirtschaft
1971
|
| Tags: |
Keine Tags, Fügen Sie das erste Tag hinzu!
|
MARC
| LEADER | 00000nam a2200000 4500 | ||
|---|---|---|---|
| 001 | c121518 | ||
| 005 | 20260326132930.6 | ||
| 041 | 0 | |a ger | |
| 044 | |a DE | ||
| 245 | 1 | 0 | |a Mathematik für ökonomische und ingenieur-ökonomische Fachrichtungen |c Heinz Körth |
| 264 | 1 | |a Berlin |b Die Wirtschaft |c 1971 | |
| 300 | |a 997 s. | ||